Guess the USA states by the hint - Statistics

General Stats
  • This quiz has been taken 41 times
  • The average score is 42 of 50
Answer Stats
Hint Answer % Correct
Largest state in the US Alaska
100%
Home of alligators and crocodiles Florida
100%
Home of many cowboys/cowgirls Texas
100%
Disneyland California
95%
Mile high Colorado
95%
Famous for peaches Georgia
95%
Famous for wheat Kansas
95%
______ Fried Chicken Kentucky
95%
Great Lakes Michigan
95%
Statue Of Liberty New York
95%
2nd coldest state North Dakota
95%
Mount Rushmore South Dakota
95%
Space needle Washington
95%
Home of former president Bill Clinton Arkansas
90%
Famous for potatoes Idaho
90%
____ Jones Indiana
90%
Big sky Montana
90%
National Space Museum Alabama
85%
Deserts Arizona
85%
First state Delaware
85%
Land of Lincoln Illinois
85%
A lion has this on their neck Maine
85%
Close to the nation’s capital Maryland
85%
Farm land Nebraska
85%
Gambling Nevada
85%
First in flight North Carolina
85%
Smallest state Rhode Island
85%
Country music Tennessee
85%
Yellowstone Wyoming
85%
A good spot for vacation Hawaii
80%
Famous for corn Iowa
80%
Ducks sports team Oregon
80%
Swamp land Louisiana
75%
Basketball Hall Of Fame Massachusetts
75%
The cat got a mini soda Minnesota
75%
White Mountains New Hampshire
75%
Pavement State New Jersey
75%
Palmetto state South Carolina
75%
Beehive state Utah
75%
Green mountains Vermont
75%
Land of lovers Virginia
75%
Home of many bears Wisconsin
75%
The country’s first music school Connecticut
70%
The center of US Missouri
70%
Land of enchantment New Mexico
70%
In the heart of it all Ohio
70%
Where wind sweeps down the plane Oklahoma
70%
Key stone Pennsylvania
70%
Hold mining West Virginia
70%
Golf Shores Mississippi
65%
No matching quizzes found
Score Distribution
Percent of People with Each Score
Percentile by Number Answered
Your Score History
You have not taken this quiz